00281nam a2200121Ia 4500008004100000100001300041245002000054260004300074300000800117650001000125942000700135999001700142190216s9999||||xx |||||||||||||| ||und|| aThakazhi 0aThotiyude Magan bSahithya Pravarthaka Sahakarana Sangam a133 aNovel cBK c28497d28497